सामाजिक पाषण / (Record no. 112170)

MARC details
000 -LEADER
fixed length control field 00852nam a22002417a 4500
005 - DATE AND TIME OF LATEST TRANSACTION
control field 20170124102935.0
010 ## - LIBRARY OF CONGRESS CONTROL NUMBER
LC control number 419928
020 ## - INTERNATIONAL STANDARD BOOK NUMBER
Terms of availability 03.00
035 ## - SYSTEM CONTROL NUMBER
System control number 419928
037 ## - SOURCE OF ACQUISITION
Source of stock number/acquisition Cen Lib/Ret
040 ## - CATALOGING SOURCE
Original cataloging agency DPL
Language of cataloging HN
082 ## - DEWEY DECIMAL CLASSIFICATION NUMBER
Classification number 320.15
Item number सामाजि
245 ## - TITLE STATEMENT
Title सामाजिक पाषण /
Statement of responsibility, etc अनुवादक बूलचंद
246 ## - VARYING FORM OF TITLE
Title proper/short title Samajik pashan /
Remainder of title translated by Boolchand
260 ## - PUBLICATION, DISTRIBUTION, ETC. (IMPRINT)
Name of publisher, distributor, etc प्रकाशन ब्यूरो
Date of publication, distribution, etc 1956
Place of publication, distribution, etc लखनऊ
300 ## - PHYSICAL DESCRIPTION
Extent 178पृ.
Dimensions 20सेमी (सजिल्द)
650 ## - SUBJECT ADDED ENTRY--TOPICAL TERM
Topical term or geographic name as entry element सामाजिक अवस्था
9 (RLIN) 239
650 ## - SUBJECT ADDED ENTRY--TOPICAL TERM
Topical term or geographic name as entry element सामाजिक -- बंध
9 (RLIN) 42948
650 ## - SUBJECT ADDED ENTRY--TOPICAL TERM
Topical term or geographic name as entry element Social status
9 (RLIN) 46183
650 ## - SUBJECT ADDED ENTRY--TOPICAL TERM
Topical term or geographic name as entry element Social - bond
9 (RLIN) 46184
700 ## - ADDED ENTRY--PERSONAL NAME
Personal name बूलचंद
9 (RLIN) 500
942 ## - ADDED ENTRY ELEMENTS (KOHA)
Source of classification or shelving scheme Dewey Decimal Classification
Koha item type Hindi Books
Classification part 320.15
Call number suffix सामाजि
Holdings
Withdrawn status Lost status Damaged status Not for loan Home library Current library Date acquired Source of acquisition Cost, normal purchase price Total Checkouts Full call number Barcode Date last seen Copy number Cost, replacement price Price effective from Koha item type
        Central Library Central Library 07/08/2015 Cen Lib/Ret 3.00   320.15 सामाजि 419928 07/08/2015 1 3.00 07/08/2015 Hindi Books

© Delhi Public Library
Hit Counter
free hit counter